000 01136nam a22002177a 4500
008 110822s1999 ua||||| |||| 00| 0 ara d
020 _a0393318524
082 _222
_a333.7
_bر و د
100 1 _926838
_aرودمان ، دافيد مالين
245 _aالثروة الطبيعية للأمم :
_bتطويع السوق لاحتياجات البيئة /
_cدافيد مالين رودمان ؛ ترجمة حسنى تمام
260 _aالقاهرة :
_bالجمعية المصرية لنشر المعرفة والثقافة العالمية ،
_c1999.
300 _a234 ص :
_bايض ؛
_c24 سم.
490 0 _926841
_aسلسلة وورلدواتش لمراقبة البيئة
504 _aيشتمل على إرجاعات ببليوجرافية 193 - 231
650 0 _921015
_aالموارد الطبيعية
650 0 _926839
_aالموارد الإقتصادية
653 _bGeneral
_cAugust2011
700 1 _926840
_aتمام ، حسنى
_eترجمة
942 _2ddc
_cBB
999 _c15890
_d15890